00427pab a2200133 454500008004000000100001900040245011200059260000900171300001300180362001100193650002700204700002800231773003400259180718b2017 xxu||||| |||| 00| 0 eng d aGoswami, Binoy aComparing public and private agricultural extension services: insights from the Brahmaputra valley of Assam c2017 ap.72-80. a30 Dec aAgricultural extension aBezbaruah, Ranjan Jyoti aEconomic and Political Weekly